000 00629nam a2200217Ia 4500
003 OSt
005 20230606085412.0
008 210423s2018 xx 000 0 und d
020 _a978-93-86655-82-0
040 _cAL
041 _aeng
082 _a307.72 SINC
100 _aSINGH (Suryakant)
_9119803
245 _aCurrent social and political Available in North East India
260 _aNew Delhi
_bPacific Books International
_c2018
300 _a224
_bHB
365 _b995
_cINR
650 _aRural Communities
_9119804
906 _aCurrent ; east ; India ; Available ; north ; political ; social
942 _2ddc
_cBK
999 _c176648
_d176648